000 00410nam a2200133Ia 4500
008 211119s9999||||xx |||||||||||||| ||und||
082 _a152.41
_bSAN-S
100 _aSanthakumar, Dr S
245 0 _aSnehavum Chikilsayum
260 _bLipi
_aCalicut
_c2007
300 _a71p
650 _aphilosophy & psychology
_vpsychologyPerception, movement, emotions & drivesEconomics
_xPGR-GANDHIAN STUDIES
942 _cBOOK
999 _c107892
_d107892